Ochrana poľnohospodárskeho pôdneho fondu

Slovenská národná rada zo dňa 29.4.1992 prijala vládny zákon o ochrane poľnohospodárskeho pôdneho fondu. Prijatím tohto zákona by mal nastať obrat v dlhodobom negatívnom trende vývoja stavu poľnohospodárskeho pôdneho fondu. Súvzťažnosť zákona k zákonu SNR č. 330/1992 Zb. Nový zákon novo formuluje mi...

Celý popis

Uložené v:
Podrobná bibliografia
Hlavný autor: Gaisbacher, J.
Médium: Kapitola
Jazyk:Slovak
Predmet:
Tagy: Pridať tag
Žiadne tagy, Buďte prvý, kto otaguje tento záznam!

MARC

LEADER 00000naa a2200000 4500
001 r008346
005 20220831082942.0
041 0 |a slo 
044 |a CS 
245 1 0 |a Ochrana poľnohospodárskeho pôdneho fondu  |c J. Gaisbacher 
520 |a Slovenská národná rada zo dňa 29.4.1992 prijala vládny zákon o ochrane poľnohospodárskeho pôdneho fondu. Prijatím tohto zákona by mal nastať obrat v dlhodobom negatívnom trende vývoja stavu poľnohospodárskeho pôdneho fondu. Súvzťažnosť zákona k zákonu SNR č. 330/1992 Zb. Nový zákon novo formuluje miesto poľnohospodárskeho pôdneho fondu v systéme spoločenských hodnôt. Odstraňuje bariéry medzi poľnohospodárskou a lesnou pôdou, zjednodušuje administratívu v prípadoch odňatia pôdy. 
610 2 0 |a ochrana pôdy 
610 2 0 |a fond pôdny 
610 2 0 |a dokumenty vládne 
610 2 0 |a Slovensko 
610 2 0 |a 1992 
610 2 0 |a zákony 
610 2 0 |a poľnohospodárstvo 
100 1 |a Gaisbacher, J.